000 01235njm a22002897a 4500
005 2010091309449.0
007 sd ammalaaahaa
008 100830t xxu||||| |||| 00| 0 eng d
028 _aTAE.1456
_bAngel Records
035 _aGR-02051
040 _aSED
_cSED
100 _aMangeshkar, Lata
_919323
245 _aPatita /
_csung by Lata Mangeshkar & Hemant Kumar ; music by Shankar Jaikishan ; Lyric by ; Shailendra
_h[sound recording]:
_bHindustani
246 _aपतिता (लता मंगेशकर & हेमंत कुमार)
260 _aDum Dum, India:
_bAngel Records
_c1968
300 _a1 sound disc [GramphoneRecording]:
_banalog,45 rpm
_c7 in.(SP)
_fGramphones Records
500 _aBrief Record
500 _aAngel records
500 _aPurple
505 _aSide 1 Waada kiya dil ne (वादा किया दिल ने), Side-2 Kisi ne apna banake (किसी ने अपना बनाके)
650 _xExcerpts
_zIndia
_917446
_aMotion picture music
_vFilm song
700 _aHemant Kumar
_919399
700 _aShankar Jaikishan
_919400
700 _aShailendra
_919677
942 _2ddc
_cGR
999 _c45328
_d45328